MDQL
is popping MORE tags! Check the
thread
!
Quizzes
Events
Quiz Creation
Community
Videos
Private Events
Remove Ads
Sign In
Join for FREE
Feedback
Dark Mode
Quiz Categories
Sports
Geography
Music
Movies
Television
Just For Fun
Miscellaneous
History
Literature
Language
Science
Gaming
Entertainment
Religion
Holiday
For Kids
Quiz Lab
Recent
Popular Today
Quiz Kudos Today
Editor Picks
Curator Picks
Quizzes by...
Day
Popularity
Type
Ratings
Length
Year
Community
Subscriptions
Recent Discussions
Orange Saloon
Badges
Playlists
Quests
Create
Leaderboards
Showdown
Live 5
Trivia Bingo
Activity
Puzzle Library
Sporcle Events
Private Events
Virtual Trivia
Globe League
Become a Host
Pub Owners
SporcleCon
Opinionation
Our Games
Videos
Blog
Mobile Apps
Partnerships
Remove Ads and Go Orange
Feedback
Music
Pop Music
The Beatles
Song
Album
Lyrics
Bands
Singers
Artist
Clip
Rock
Rap
Classical
Billboard
Country Music
Kpop
Taylor Swift
Music
Pop Music
The Beatles
Song
Album
Lyrics
Bands
Singers
Artist
Clip
Rock
Rap
Classical
Billboard
Country Music
Kpop
Taylor Swift
Random Quiz
Search Sporcle
×
Quiz Lab
Quiz Lab
Music
Artist
Type in answers that appear in a list
Type in answers that appear in a list
Classic
Best Score? Go Orange.
Wu-Tang Clan (and member's solo) albums? Stats
Can you name the Wu-Tang Clan (and member's solo) albums??
By
Alex703
10m
50 Questions
61 Plays
61 Plays
61 Plays
Comments
Comments
Give Quiz Kudos
Give Quiz Kudos
-
- Ratings
hide this ad
More Info
Replay
Link that replays current quiz
Next Quiz
Link to next quiz in quiz playlist
You Got
0%
They Got
Avg Score
45%
Avg Friend Score
Upgrade to see
Score Distribution
Jump to the score distribution portion of the page
Score
0/50
Timer
10:00
0
Plays Today
Artist
Album
% Correct
Wu-
Tang Clan
Enter The Wu-Tang (36 Chambers)
90.2%
Wu-
Tang Clan
Wu-Tang Forever
83.6%
GZA
Liquid Swords
82%
Wu-
Tang Clan
The W
77%
Wu-
Tang Clan
Iron Flag
72.1%
GZA
Pro Tools
68.9%
Wu-
Tang Clan
8 Diagrams
67.2%
Method Man
Blackout
67.2%
RZA
Birth Of A Prince
62.3%
GZA
Grandmasters
60.7%
Method Man
Tical 2000: Judgment Day
60.7%
GZA
Words From The Genius
59%
Method Man
Tical
59%
Raekwon
The Lex Diamond Story
55.7%
Ghostface Killah
Ironman
55.7%
GZA
Beneath The Surface
54.1%
Method Man
Tical 0: The Prequel
54.1%
Method Man
Blackout 2
49.2%
Raekwon
Only Built 4 Cuban Linx...Part 2
47.5%
RZA
Bobby Digital In Stereo
45.9%
GZA
Legend Of the Liquid Sword
45.9%
Raekwon
Only Built 4 Cuban Linx
42.6%
Ghostface Killah
Fishscale
42.6%
RZA
Digital Bullet
39.3%
RZA
Digi Snacks
37.7%
Artist
Album
% Correct
Ol' Dirty Bastard
Return To The 36 Chambers: The Dirty Version
37.7%
Ghostface Killah
Supreme Clientele
36.1%
Ghostface Killah
The Pretty Toney Album
36.1%
Method Man
4:21...The Day After
29.5%
Ghostface Killah
More Fish
29.5%
Raekwon
Immobilarity
27.9%
Ghostface Killah
The Big Doe Rehab
26.2%
Ghostface Killah
Ghostdini: Wizard Of Poetry In Emerald City
26.2%
Ol' Dirty Bastard
**** Please
24.6%
Ghostface Killah
Bulletproof Wallets
23%
Ghostface Killah
718
23%
Inspectah Deck
The Resident Patient 2
23%
Masta Killa
No Said Date
23%
Inspectah Deck
Uncontrolled Substrance
21.3%
Inspectah Deck
The Movement
21.3%
Ghostface Killah
Put It On The Line
19.7%
Inspectah Deck
The Resident Patient
19.7%
U-
God
Golden Arms Redemption
19.7%
U-
God
Dopium
18%
Ghostface Killah, Raekwon, & Method Man
The Wu-Massacre
18%
Inspectah Deck
The Manifesto
16.4%
U-
God
Mr. Xcitement
13.1%
Masta Killa
Made In Brooklyn
11.5%
Ol' Dirty Bastard
A Son Unique
8.2%
Ol' Dirty Bastard
The Trials And Tribulations Of Russell Jones
4.9%
Quiz Playlist
Details
Report
Send in Message
Add To Playlist
More Info:
Extensive game with tons of bonuses.
Classic:
Type in answers that appear in a list
Last Updated: Feb 16, 2017
Quiz Scoreboard
CHALLENGE
Sign Up to Join the Scoreboard
Show All
Scores
Hide
Comments
May contain spoilers
Recently Published
1-10 Letter E Words III
by El_Dandy
Language
2m
Street Fighter Characters
by Artimus82
Gaming
60s
College Basketball Coaching Resumes
by pancakes188
Sports
9m
More to Explore
Quiz From the Vault
Featured Blog Post
Where Did the Easter Bunny Come From?
hide this ad
You Might Also Like...
Tags
Album Quiz
Artist Quiz
clan
solo
Wu-Tang
Today's Top Quizzes in Music
Browse Music
hide this ad
Today's Top Quizzes in Artist
Browse Artist
Top Contributed Quizzes in Music
1
Taylor Swift All Songs (2024)
2
Taylor Swift Logic Puzzle
3
Guess the Artist- 70s Songs
4
7-to-1: Billboard Hot 100 #1 Hits of 2010s
5
Sorting Albums and Songs
6
Billboard Blitz: Aretha Franklin
7
KPOP LOGIC QUIZ
8
Guess the Taylor Swift song (Mystery Song)
9
Guess The Taylor Swift Lyrics Song #1
10
Billboard Blitz: ABBA
Explore More
Trending Topics
Anime
Disney
Crossword
Kpop
Harry Potter
NBA
Marvel
Country
Song
The Office
Puzzle
Pokémon
Soccer
NFL
WWE
hide this ad
More By:
Alex703
Quiz
Plays
Rating
Category
Featured
Created
MF Doom's albums?
1,747
1.69
Music
Feb 20, 2010
Valencia's Top Goal Scorers?
156
5.00
Sports
Feb 18, 2010
Josh Homme's studio albums
113
5.00
Music
Feb 9, 2010
Weezer's Albums
112
3.60
Music
Mar 6, 2010
Jack White's Albums
93
5.00
Music
Mar 5, 2010
Go to Creator's Profile
Score Distribution
Quiz Creator Spotlight
Alex703
Follow
Send a Message
Quizzes Created
-
Created Quiz Play Count
-
More By This Creator
Popular Quizzes Today
1
Find the US States - No Outlines Minefield
2
Find the Countries of Europe - No Outlines Minefield
3
The Countries of the World
4
Find the US States
5
Risky Map Clicking: Biggest States A-Z
6
US States
7
Popular People in 1961
8
Movies - When Are They Set?
More Music Quizzes
Band Member Click: Blur
Quiz Lab
Trending Quizzes
Risky Map Clicking: Least Populous States A-Z
Billboard Blitz: Aretha Franklin
1-10 Letter G Words
Countries of the World: 200 Million BC
1-10 Letter F Words
Recently Updated
Leaping Animals
pecheneg
Reality TV Shows (A-Z)
bhenderson79
Rickey Henderson's Hall of Fame Teammates
pecheneg
Champions League XIs: Arsenal
pecheneg
Quick Pick: Celebrities in WWE's Hall of Fame
aduchscher
A-Z Keypad Blitz II
pecheneg
Multiple Oscar Actors
pecheneg
Mystery Phrase Blitz: Oscar 'Best Actors'
pecheneg
F. Scott Fitzgerald Novels
LTH
Pick 3 Villains
ddd62291
Trending Topics
Anime
NBA
Harry Potter
Disney
Marvel
Kpop
Crossword
The Office
Song
Pokémon
WWE
NFL
Country
Puzzle
Soccer
Your Account Isn't Verified!
In order to create a playlist on Sporcle, you need to verify the email address you used during registration. Go to your
Sporcle Settings
to finish the process.
Report this User
Report this user for behavior that violates our
Community Guidelines
.
Details:
Send Report
Go to the Sporcle.com Mobile Site →
Comments